| 000 | 00607cam a22002411 4500 | ||
|---|---|---|---|
| 001 | sa 67004656 | ||
| 003 | DLC | ||
| 005 | 20260227112349.0 | ||
| 008 | 941012s1965 ii 000 0 orio | ||
| 010 | _asa 67004656 | ||
| 025 | _aPL480:I-O-604 | ||
| 035 | _a(OCoLC)31273883 | ||
| 040 |
_aDLC _cCU _dCU _dDLC |
||
| 042 | _apremarc | ||
| 050 | 0 | 0 |
_aPK2570 _b.M28 |
| 100 | 1 | _aMahanti, Debendra. | |
| 245 | 1 | 0 | _aPañcasakhā Oḍiā sāhitya. |
| 260 | _c[1965] | ||
| 300 |
_a3, 148 p. _c19 cm. |
||
| 500 | _aIn Oriya. | ||
| 650 | 0 |
_aOriya literature _xHistory and criticism. |
|
| 650 | 0 | _aPoets, Oriya. | |
| 999 |
_c74662 _d74662 |
||